000
00210nam a22000977a 4500
999
_c
16069
_d
16069
003
OSt
008
191029b ||||| |||| 00| 0 eng d
100
_a
Muhammad,K T.
_9
4521
245
_a
Njan pedikunnu
942
_c
BK